000
00246nam a2200109Ia 4500
008
200302s9999 xx 000 0 und d
100
_a
Author
245
_a
Designing for modern India
260
_b
Mapin Publishing
260
_c
2017
300
_a
473
999
_c
6308
_d
6308